[Event "Helsingor Xtracon op"]
[Site "Helsingor"]
[Date "2016.07.30"]
[Round "9"]
[White "Ivarsson, Torbjorn"]
[Black "Jacobsen, Elise Sjottem"]
[Result "1-0"]
[WhiteElo "2180"]
[BlackElo "1611"]
[PlyCount "81"]
[EventDate "2016.07.23"]
[EventType "swiss"]
[EventRounds "10"]
[EventCountry "DEN"]
[SourceTitle "CBM 173 Extra"]
[Source "ChessBase"]
[SourceDate "2016.08.29"]
[SourceVersion "1"]
[SourceVersionDate "2016.08.29"]
[SourceQuality "1"]

1. e4 c5 2. Nf3 d6 3. Bb5+ Bd7 4. Bxd7+ Qxd7 5. 0-0 Nc6 6. c3 Nf6 7. Re1 e6 8. d3 Be7 9. Nbd2 0-0 10. Nf1 b5 11. Ng3 Qc7 12. Bg5 Nd7 13. d4 Bxg5 14. Nxg5 Qb6 15. d5 exd5 16. Qxd5 Ne7 17. Qd1 Ne5 18. Nf3 Rad8 19. Nxe5 dxe5 20. Qh5 Ng6 21. Qg5 Rd7 22. Rad1 Rfd8 23. Rxd7 Rxd7 24. Nf5 Qd8 25. Qg4 f6 26. h4 Nf4 27. h5 Qe8 28. h6 g6 29. Ng7 Qd8 30. g3 Nd3 31. Rd1 c4 32. a4 Nc5 33. Rd5 Rxd5 34. exd5 Qd7 35. Qf3 Kf7 36. axb5 Qxb5 37. Qg4 Qd7 38. Qxc4 Qd6 39. b4 Nd7 40. Qc8 Qe7 41. d6 1-0

[Event "Helsingor Xtracon op"]
[Site "Helsingor"]
[Date "2016.07.28"]
[Round "7"]
[White "Roder, Peter Ulrik"]
[Black "Jacobsen, Elise Sjottem"]
[Result "1/2-1/2"]
[WhiteElo "2056"]
[BlackElo "1611"]
[PlyCount "91"]
[EventDate "2016.07.23"]
[EventType "swiss"]
[EventRounds "10"]
[EventCountry "DEN"]
[SourceTitle "CBM 173 Extra"]
[Source "ChessBase"]
[SourceDate "2016.08.29"]
[SourceVersion "1"]
[SourceVersionDate "2016.08.29"]
[SourceQuality "1"]

1. d4 Nf6 2. c4 c5 3. d5 b5 4. cxb5 a6 5. b6 e6 6. Nc3 Nxd5 7. Nxd5 exd5 8. Qxd5 Nc6 9. Nf3 Bb7 10. Qd1 Qxb6 11. e3 Be7 12. Be2 0-0 13. 0-0 d6 14. Qa4 Rab8 15. Qg4 Bf6 16. Rb1 Rfe8 17. Bd2 Ne5 18. Nxe5 Rxe5 19. Bf3 Rg5 20. Qf4 Rg6 21. Bxb7 Qxb7 22. f3 Bg5 23. Qf5 Re8 24. Qd3 Qb6 25. f4 Bd8 26. Rf3 Qb5 27. Qxb5 axb5 28. Kf2 Rge6 29. b3 Bf6 30. Rc1 Ra8 31. Rc2 h6 32. Ke2 Re7 33. Bc1 b4 34. Kd3 Rea7 35. Rff2 Kf8 36. e4 Bd4 37. Be3 Bxe3 38. Kxe3 Ra5 39. g4 f6 40. h4 Ke7 41. Kd3 Kd7 42. Kc4 Kc6 43. Rfe2 Re8 44. Rcd2 Ra7 45. Re3 Rae7 46. Rde2 1/2-1/2

[Event "Helsingor Xtracon op"]
[Site "Helsingor"]
[Date "2016.07.26"]
[Round "5"]
[White "Steenstrup, Svend"]
[Black "Jacobsen, Elise Sjottem"]
[Result "1/2-1/2"]
[WhiteElo "1951"]
[BlackElo "1611"]
[PlyCount "79"]
[EventDate "2016.07.23"]
[EventType "swiss"]
[EventRounds "10"]
[EventCountry "DEN"]
[SourceTitle "CBM 173 Extra"]
[Source "ChessBase"]
[SourceDate "2016.08.29"]
[SourceVersion "1"]
[SourceVersionDate "2016.08.29"]
[SourceQuality "1"]

1. Nf3 Nf6 2. d4 c5 3. d5 g6 4. Nc3 d6 5. e4 Bg7 6. h3 0-0 7. Bf4 Qa5 8. Nd2 a6 9. Nc4 Qc7 10. a4 Nbd7 11. Qd2 Rb8 12. a5 b5 13. axb6 Nxb6 14. Ra2 Nxc4 15. Bxc4 Bd7 16. Bxa6 Ra8 17. 0-0 Qb6 18. Rfa1 Ra7 19. Bd3 Rfa8 20. Rxa7 Rxa7 21. Rxa7 Qxa7 22. Qc1 Qa5 23. Bd2 Bc8 24. Nb5 Qb6 25. Qa1 Nxe4 26. Ba5 Qb7 27. Bxe4 Qxb5 28. c3 Qa6 29. Qa4 Kf8 30. Qc6 Qxc6 31. dxc6 e6 32. c7 d5 33. Bd3 c4 34. Bc2 Be5 35. Ba4 Ke7 36. Bc6 Kd6 37. Be8 Ke7 38. Bc6 Kd6 39. Be8 Ke7 40. Bc6 1/2-1/2

[Event "NOR-ch U16/18 Girls"]
[Site "Oslo"]
[Date "2016.02.13"]
[Round "3"]
[White "Merkesvik, Amalie Isabel"]
[Black "Jacobsen, Elise Sjottem"]
[Result "1-0"]
[WhiteElo "1420"]
[BlackElo "1523"]
[PlyCount "71"]
[EventDate "2016.02.12"]
[EventType "swiss"]
[EventRounds "5"]
[EventCountry "NOR"]
[SourceTitle "EXT 2024"]
[Source "ChessBase"]
[SourceDate "2023.10.10"]
[SourceVersion "1"]
[SourceVersionDate "2023.10.10"]
[SourceQuality "1"]

1. e4 c5 2. Nf3 d6 3. d4 cxd4 4. Nxd4 Nf6 5. Nc3 g6 6. Be2 Bg7 7. 0-0 0-0 8. Be3 Nc6 9. h3 Bd7 10. Qd2 Rc8 11. Rad1 Ne5 12. Bh6 Nc4 13. Bxc4 Rxc4 14. Bxg7 Kxg7 15. Rfe1 Qb6 16. b3 Rc5 17. Nb1 Bc6 18. Nxc6 Qxc6 19. c4 Nxe4 20. Qd4+ Nf6 21. Rxe7 d5 22. Re5 Rd8 23. Nc3 Kf8 24. Ne4 Nxe4 25. Rxe4 dxe4 26. Qh8+ Ke7 27. Rxd8 Qc7 28. Qe8+ Kf6 29. Rd7 Qe5 30. Rxf7+ Kg5 31. Qd8+ Kh6 32. Qh4+ Qh5 33. Qxe4 Rf5 34. Qe3+ Rg5 35. Qe7 Qd1+ 36. Kh2 1-0

[Event "NOR-ch U16"]
[Site "Bergen"]
[Date "2015.11.??"]
[Round "2"]
[White "Jacobsen, Elise Sjottem"]
[Black "Djurhuus, Eivind X"]
[Result "0-1"]
[WhiteElo "1556"]
[BlackElo "2122"]
[PlyCount "38"]
[EventDate "2015.11.13"]
[EventType "swiss"]
[EventRounds "6"]
[EventCountry "NOR"]
[SourceTitle "EXT 2024"]
[Source "ChessBase"]
[SourceDate "2023.10.10"]
[SourceVersion "1"]
[SourceVersionDate "2023.10.10"]
[SourceQuality "1"]

1. e4 c5 2. Nf3 e6 3. d4 cxd4 4. Nxd4 a6 5. Nc3 Qc7 6. Be3 Nf6 7. f3 Bb4 8. Qd2 d5 9. Bd3 0-0 10. Bg5 e5 11. Bxf6 gxf6 12. Qh6 Bxc3+ 13. bxc3 Qxc3+ 14. Ke2 Qxd4 15. Qxf6 Nd7 16. Qg5+ Kh8 17. exd5 Rg8 18. Qf5 Rxg2+ 19. Kf1 Qf2# 0-1

[Event "EU-ch U16 Girls 25th"]
[Site "Porec"]
[Date "2015.09.28"]
[Round "7"]
[White "Jacobsen, Elise Sjottem"]
[Black "O'Gorman, Alice"]
[Result "0-1"]
[WhiteElo "1649"]
[BlackElo "1702"]
[PlyCount "76"]
[EventDate "2015.09.21"]
[EventType "swiss"]
[EventRounds "9"]
[EventCountry "CRO"]
[SourceTitle "EXT 2016"]
[Source "ChessBase"]
[SourceDate "2015.10.08"]
[SourceVersion "1"]
[SourceVersionDate "2015.10.08"]
[SourceQuality "1"]

1. e4 e5 2. Nf3 Nf6 3. d4 Nxe4 4. Bd3 d5 5. Nxe5 Bd6 6. 0-0 0-0 7. Nc3 Nxc3 8. bxc3 Nd7 9. Nxd7 Bxd7 10. Qh5 f5 11. Re1 g6 12. Qf3 c6 13. Rb1 b6 14. c4 Qh4 15. g3 Qxd4 16. Be3 Qg4 17. Qg2 f4 18. gxf4 Qxg2+ 19. Kxg2 Bxf4 20. cxd5 Bxe3 21. Rxe3 cxd5 22. Re5 Rae8 23. Rbe1 Rxe5 24. Rxe5 Re8 25. f4 Kf7 26. Kg3 Rxe5 27. fxe5 Bf5 28. Kf4 Ke6 29. Bxf5+ gxf5 30. c3 b5 31. a3 h6 32. h3 a6 33. h4 a5 34. h5 a4 35. Kf3 Kxe5 36. Ke3 f4+ 37. Kd3 Kf5 38. Ke2 Ke4 0-1

[Event "EU-ch U16 Girls 25th"]
[Site "Porec"]
[Date "2015.09.27"]
[Round "6"]
[White "Daicu, Diana"]
[Black "Jacobsen, Elise Sjottem"]
[Result "1-0"]
[WhiteElo "1589"]
[BlackElo "1649"]
[PlyCount "65"]
[EventDate "2015.09.21"]
[EventType "swiss"]
[EventRounds "9"]
[EventCountry "CRO"]
[SourceTitle "EXT 2016"]
[Source "ChessBase"]
[SourceDate "2015.10.08"]
[SourceVersion "1"]
[SourceVersionDate "2015.10.08"]
[SourceQuality "1"]

1. e4 c5 2. Nf3 d6 3. d4 cxd4 4. Nxd4 Nf6 5. Nc3 g6 6. Be3 Bg7 7. f3 0-0 8. Qd2 Nc6 9. Bc4 Bd7 10. 0-0-0 Rc8 11. Bb3 Nxd4 12. Bxd4 b5 13. Bxa7 b4 14. Ne2 Qa5 15. Be3 Ba4 16. Qd3 Bb5 17. Qd2 Bc4 18. Kb1 Bxb3 19. cxb3 Ra8 20. Nc1 Rfc8 21. Qd3 Nd7 22. Qd5 Nc5 23. Rd2 e6 24. Qc4 Na4 25. Qe2 Nc5 26. Qc4 d5 27. exd5 Nxb3 28. Qxb3 Rc3 29. bxc3 bxc3 30. Rc2 exd5 31. Rd1 Qc7 32. Rxd5 Rb8 33. Rb5 1-0

[Event "EU-ch U16 Girls 25th"]
[Site "Porec"]
[Date "2015.09.25"]
[Round "5"]
[White "Jacobsen, Elise Sjottem"]
[Black "Jibuti, Nata"]
[Result "1/2-1/2"]
[WhiteElo "1649"]
[BlackElo "1728"]
[PlyCount "89"]
[EventDate "2015.09.21"]
[EventType "swiss"]
[EventRounds "9"]
[EventCountry "CRO"]
[SourceTitle "EXT 2016"]
[Source "ChessBase"]
[SourceDate "2015.10.08"]
[SourceVersion "1"]
[SourceVersionDate "2015.10.08"]
[SourceQuality "1"]

1. e4 c5 2. Nf3 d6 3. d4 cxd4 4. Nxd4 Nf6 5. Nc3 a6 6. Bc4 e6 7. Bb3 b5 8. 0-0 Be7 9. Qf3 Qc7 10. Qg3 0-0 11. Bh6 Nh5 12. Qg4 Bf6 13. Nde2 Kh8 14. Qxh5 gxh6 15. Qxh6 Qe7 16. Ng3 Rg8 17. Rad1 Nd7 18. Qd2 Nc5 19. Qxd6 Qxd6 20. Rxd6 b4 21. Nd1 Bb7 22. Re1 Be5 23. Rb6 Bc7 24. Rxb4 Ba5 25. Rxb7 Nxb7 26. c3 Rgd8 27. Ne3 Bc7 28. Ngf1 Nc5 29. Bc2 Nd3 30. Bxd3 Rxd3 31. Rd1 Rxd1 32. Nxd1 Rd8 33. Nde3 Kg7 34. g3 a5 35. Nc4 Kf6 36. f4 Ke7 37. Kf2 Kd7 38. Ke2 Kc6 39. Nfe3 Kc5 40. b3 h5 41. h4 Rg8 42. Kf3 Rd8 43. Ke2 Rg8 44. Kf3 Rd8 45. Ke2 1/2-1/2

[Event "NOR-ch U20 Girls"]
[Site "Sandnes"]
[Date "2015.02.13"]
[Round "6"]
[White "Jacobsen, Elise Sjottem"]
[Black "Nass, Sara"]
[Result "0-1"]
[WhiteElo "1629"]
[BlackElo "1532"]
[PlyCount "30"]
[EventDate "2015.02.13"]
[EventType "swiss"]
[EventRounds "6"]
[EventCountry "NOR"]
[SourceTitle "EXT 2017"]
[Source "ChessBase"]
[SourceDate "2016.10.25"]
[SourceVersion "1"]
[SourceVersionDate "2016.10.25"]
[SourceQuality "1"]

1. e4 c5 2. Nc3 Nc6 3. f4 d6 4. Nf3 g6 5. Bc4 Bg7 6. f5 gxf5 7. 0-0 Nf6 8. d3 Na5 9. Nd5 Nxc4 10. Nxf6+ Bxf6 11. dxc4 Rg8 12. exf5 Bxf5 13. Qd5 Qd7 14. Ng5 e6 15. Re1 0-0-0 0-1

[Event "EU-ch U14 Girls 24th"]
[Site "Batumi"]
[Date "2014.10.26"]
[Round "7"]
[White "Bespalova, Jana"]
[Black "Jacobsen, Elise Sjottem"]
[Result "1-0"]
[WhiteElo "1505"]
[BlackElo "1685"]
[PlyCount "79"]
[EventDate "2014.10.19"]
[EventType "swiss"]
[EventRounds "9"]
[EventCountry "GEO"]
[SourceTitle "EXT 2016"]
[Source "ChessBase"]
[SourceDate "2015.10.08"]
[SourceVersion "1"]
[SourceVersionDate "2015.10.08"]
[SourceQuality "1"]

1. e4 c5 2. Nf3 d6 3. d4 cxd4 4. Qxd4 Nc6 5. Bb5 Bd7 6. Qd3 g6 7. 0-0 Bg7 8. Bxc6 bxc6 9. c4 Nf6 10. Nc3 0-0 11. Bg5 Rb8 12. b3 a5 13. Rac1 c5 14. e5 Bf5 15. Qe2 dxe5 16. Nxe5 Ne4 17. Nc6 Nxc3 18. Rxc3 Qc7 19. Nxe7+ Kh8 20. Nd5 Qd7 21. Bf6 Rfe8 22. Bxg7+ Kxg7 23. Re3 Rxe3 24. Qxe3 Qd6 25. Qc3+ f6 26. Qxa5 Be4 27. Rd1 Re8 28. Qc7+ Qxc7 29. Nxc7 Re7 30. Nb5 Bc6 31. Kf1 Bxb5 32. cxb5 Re4 33. Rd5 c4 34. bxc4 Rxc4 35. Rd7+ Kh6 36. b6 Rc8 37. Ke2 Ra8 38. b7 Rxa2+ 39. Rd2 Rxd2+ 40. Kxd2 1-0

[Event "EU-ch U14 Girls 24th"]
[Site "Batumi"]
[Date "2014.10.22"]
[Round "4"]
[White "Misiuk, Karolina"]
[Black "Jacobsen, Elise Sjottem"]
[Result "1-0"]
[WhiteElo "1480"]
[BlackElo "1685"]
[PlyCount "143"]
[EventDate "2014.10.19"]
[EventType "swiss"]
[EventRounds "9"]
[EventCountry "GEO"]
[SourceTitle "EXT 2016"]
[Source "ChessBase"]
[SourceDate "2015.10.08"]
[SourceVersion "1"]
[SourceVersionDate "2015.10.08"]
[SourceQuality "1"]

1. e4 e5 2. Nf3 Nc6 3. Bc4 d6 4. Nc3 Bg4 5. h3 Be6 6. Bb3 Nf6 7. d3 Bxb3 8. axb3 Be7 9. Be3 a6 10. Ne2 0-0 11. Ng3 Nd7 12. 0-0 Qe8 13. Qd2 Qd8 14. Rad1 Na7 15. Nf5 Kh8 16. Qb4 b6 17. Qd2 Bf6 18. Nh2 g6 19. Ng3 Bg7 20. d4 exd4 21. Bxd4 Bxd4 22. Qxd4+ Qf6 23. Qc4 Nb5 24. c3 Qe6 25. f4 Nc5 26. Qxe6 fxe6 27. c4 Na7 28. b4 Nb7 29. Ne2 Nc6 30. Nd4 Nxd4 31. Rxd4 Rac8 32. g3 Nd8 33. Rd3 Nc6 34. Rb3 Nd4 35. Ra3 Ra8 36. Nf3 Nxf3+ 37. Rfxf3 Kg7 38. Rf1 Ra7 39. Rfa1 Rfa8 40. Kf2 Kf6 41. Ke3 e5 42. fxe5+ Kxe5 43. Rf1 c6 44. Rc1 c5 45. bxc5 bxc5 46. Rca1 a5 47. Rb3 Rc7 48. Rba3 Rca7 49. Rb3 Rc7 50. Rd1 a4 51. Rd5+ Ke6 52. Rb6 Rd7 53. Rxc5 a3 54. bxa3 Rxa3+ 55. Kd4 Rxg3 56. h4 Rg4 57. h5 g5 58. h6 Ke7 59. Rd5 Rg1 60. Kc3 Rh1 61. Rxg5 Rxh6 62. Kd4 Ke6 63. c5 Rg6 64. Rh5 Rgg7 65. Re5+ Kf6 66. Kd5 Rg5 67. Rxg5 Kxg5 68. c6 Re7 69. Kxd6 Rxe4 70. c7 Re8 71. Rb8 Rxb8 72. cxb8Q 1-0

[Event "EU-ch U14 Girls 24th"]
[Site "Batumi"]
[Date "2014.10.20"]
[Round "2"]
[White "Guluzada, Narmin Yalchin Q"]
[Black "Jacobsen, Elise Sjottem"]
[Result "1-0"]
[WhiteElo "1381"]
[BlackElo "1685"]
[PlyCount "61"]
[EventDate "2014.10.19"]
[EventType "swiss"]
[EventRounds "9"]
[EventCountry "GEO"]
[SourceTitle "EXT 2016"]
[Source "ChessBase"]
[SourceDate "2015.10.08"]
[SourceVersion "1"]
[SourceVersionDate "2015.10.08"]
[SourceQuality "1"]

1. e4 c5 2. Nc3 g6 3. d3 Bg7 4. g3 e6 5. Bg2 Ne7 6. Nge2 0-0 7. 0-0 d5 8. Nf4 d4 9. Nce2 Nbc6 10. Nh3 e5 11. Bd2 f5 12. exf5 gxf5 13. Qc1 Ng6 14. c3 f4 15. gxf4 Bxh3 16. Bxh3 exf4 17. Nxf4 dxc3 18. bxc3 Nxf4 19. Bxf4 Qxd3 20. Be3 Bxc3 21. Rb1 b6 22. Rb3 Qg6+ 23. Kh1 Bg7 24. Rg1 Qe4+ 25. Bg2 Qe6 26. Bh6 Bxh6 27. Rg3+ Kh8 28. Qc3+ Qf6 29. Rg8+ Rxg8 30. Qxf6+ Bg7 31. Qxc6 1-0

[Event "Olympiad Women-41"]
[Site "Tromsoe"]
[Date "2014.08.14"]
[Round "11.4"]
[White "Fisher, Michelle M"]
[Black "Jacobsen, Elise Sjottem"]
[Result "1-0"]
[WhiteElo "1657"]
[BlackElo "1697"]
[PlyCount "35"]
[EventDate "2014.08.02"]
[EventType "team-swiss"]
[EventRounds "11"]
[EventCountry "NOR"]
[SourceTitle "CBM 162"]
[Source "ChessBase"]
[SourceDate "2014.09.17"]
[SourceVersion "1"]
[SourceVersionDate "2014.09.17"]
[SourceQuality "1"]
[WhiteTeam "South Africa (W)"]
[BlackTeam "Norway (W) III"]
[WhiteTeamCountry "RSA"]
[BlackTeamCountry "NOR"]

1. e4 c5 2. Nf3 d6 3. d4 cxd4 4. Nxd4 Nf6 5. Nc3 g6 6. Be3 Bg7 7. f3 Nc6 8. Qd2 0-0 9. 0-0-0 d5 10. Kb1 Nxd4 11. e5 Nxf3 12. gxf3 Nd7 13. Nxd5 Bxe5 14. Bh6 Bg7 15. Bxg7 Kxg7 16. Qc3+ f6 17. Nc7 Kh8 18. Nxa8 1-0

[Event "Olympiad Women-41"]
[Site "Tromsoe"]
[Date "2014.08.10"]
[Round "8.4"]
[White "Jacobsen, Elise Sjottem"]
[Black "Duran Juarez, Citlali"]
[Result "0-1"]
[WhiteElo "1697"]
[BlackElo "1982"]
[PlyCount "66"]
[EventDate "2014.08.02"]
[EventType "team-swiss"]
[EventRounds "11"]
[EventCountry "NOR"]
[SourceTitle "CBM 162"]
[Source "ChessBase"]
[SourceDate "2014.09.17"]
[SourceVersion "1"]
[SourceVersionDate "2014.09.17"]
[SourceQuality "1"]
[WhiteTeam "Norway (W) III"]
[BlackTeam "Mexico (W)"]
[WhiteTeamCountry "NOR"]
[BlackTeamCountry "MEX"]

1. e4 e5 2. d4 exd4 3. Qxd4 Nc6 4. Qe3 Nf6 5. Nc3 Bb4 6. Bd2 0-0 7. 0-0-0 Re8 8. Qg3 d6 9. f4 Rxe4 10. a3 Bxc3 11. Bxc3 Rb8 12. Bd3 Re8 13. Nh3 d5 14. Bc4 d4 15. Ng5 Be6 16. Nxe6 fxe6 17. f5 Ne4 18. Qf4 Nxc3 19. bxc3 Qe7 20. Bxe6+ Kh8 21. Kb2 dxc3+ 22. Ka2 Rbd8 23. Qc4 Qf6 24. Rb1 Rd2 25. Qe4 Nd4 26. Rhc1 b6 27. Rb4 h6 28. Kb1 Nxe6 29. fxe6 Rxe6 30. Qa8+ Kh7 31. Qxa7 Re7 32. Rc4 Rxg2 33. Rxc7 Qe5 0-1

[Event "Olympiad Women-41"]
[Site "Tromsoe"]
[Date "2014.08.06"]
[Round "5.4"]
[White "Zhou, Qiyu"]
[Black "Jacobsen, Elise Sjottem"]
[Result "1-0"]
[WhiteElo "2109"]
[BlackElo "1697"]
[PlyCount "149"]
[EventDate "2014.08.02"]
[EventType "team-swiss"]
[EventRounds "11"]
[EventCountry "NOR"]
[SourceTitle "CBM 162"]
[Source "ChessBase"]
[SourceDate "2014.09.17"]
[SourceVersion "1"]
[SourceVersionDate "2014.09.17"]
[SourceQuality "1"]
[WhiteTeam "Canada (W)"]
[BlackTeam "Norway (W) III"]
[WhiteTeamCountry "CAN"]
[BlackTeamCountry "NOR"]

1. e4 c5 2. Nf3 d6 3. d4 cxd4 4. Nxd4 Nf6 5. Nc3 g6 6. Be3 Bg7 7. f3 0-0 8. Qd2 Nc6 9. 0-0-0 d5 10. Qe1 e6 11. h4 h5 12. Be2 Ne7 13. e5 Nd7 14. f4 a6 15. g4 Bh6 16. gxh5 Nxe5 17. Qg3 N5c6 18. hxg6 fxg6 19. Nxc6 bxc6 20. h5 d4 21. hxg6 Nf5 22. Qh3 Qf6 23. Bxd4 Nxd4 24. Qxh6 Qxf4+ 25. Qxf4 Rxf4 26. Rh7 e5 27. Bc4+ Be6 28. Bxe6+ Nxe6 29. Re7 Nf8 30. Rd6 Rg4 31. Rxe5 Nxg6 32. Ree6 Nf4 33. Re1 Rc8 34. Ne4 Kg7 35. Nc5 a5 36. Re7+ Kg8 37. Ra7 Rg1+ 38. Kd2 Rg2+ 39. Kc3 Ne2+ 40. Kc4 Nc1 41. Kd4 Rd2+ 42. Ke5 Re8+ 43. Ne6 Rxc2 44. Kf6 Rf2+ 45. Kg6 Rxb2 46. Rg7+ Kh8 47. Ng5 Rg2 48. Rdd7 Rxg5+ 49. Kxg5 Re2 50. Rh7+ Kg8 51. Rdg7+ Kf8 52. Ra7 Kg8 53. Rhc7 Rg2+ 54. Kh4 Rf2 55. Kg3 Rf6 56. Rxa5 Nd3 57. Kg4 c5 58. Raa7 Rf1 59. Ra8+ Rf8 60. Rxf8+ Kxf8 61. Kf5 Nb4 62. a4 Ke8 63. Rxc5 Kd7 64. Ke4 Kd6 65. Rh5 Kc6 66. Kd4 Na6 67. Rh6+ Kb7 68. Kc4 Nc7 69. a5 Na6 70. Rb6+ Ka7 71. Kb5 Nc7+ 72. Kc6 Na6 73. Rb7+ Ka8 74. Rh7 Nb8+ 75. Kb6 1-0

[Event "Budapest FS03 FM-B"]
[Site "Budapest"]
[Date "2014.03.04"]
[Round "3"]
[White "Jacobsen, Elise Sjottem"]
[Black "Oberfrank, Istvan1111"]
[Result "1/2-1/2"]
[WhiteElo "1672"]
[BlackElo "1820"]
[PlyCount "112"]
[EventDate "2014.03.01"]
[EventType "tourn"]
[EventRounds "9"]
[EventCountry "HUN"]
[SourceTitle "CBM 159 Extra"]
[Source "ChessBase"]
[SourceDate "2014.04.24"]
[SourceVersion "1"]
[SourceVersionDate "2014.04.24"]
[SourceQuality "1"]

1. e4 e6 2. d4 d5 3. Nc3 c5 4. exd5 exd5 5. dxc5 Be6 6. b4 a5 7. Bf4 Be7 8. Nb5 Na6 9. c3 axb4 10. cxb4 Nf6 11. Nf3 0-0 12. a3 Ne4 13. Bd3 Bg4 14. Bxe4 dxe4 15. Qxd8 Rfxd8 16. Ne5 Be6 17. Rc1 g5 18. Be3 f6 19. Nc4 Bxc4 20. Rxc4 f5 21. g4 f4 22. Rxe4 Bf6 23. Bc1 Rd3 24. 0-0 Kf8 25. Re2 Rad8 26. Bb2 f3 27. Rc2 Bxb2 28. Rxb2 Nb8 29. Nd6 Rd7 30. Ra2 b6 31. Nc4 Rd1 32. Ne3 Rxf1+ 33. Kxf1 bxc5 34. bxc5 Rc7 35. Rc2 Nd7 36. c6 Ne5 37. Nd5 Rxc6 38. Rxc6 Nxc6 39. Nf6 h6 40. Ne4 Ke7 41. Ke1 Ne5 42. h3 Ke6 43. Ng3 Nd3+ 44. Kd2 Nxf2 45. Ke3 Nxh3 46. Kxf3 Nf4 47. Nf5 Kd5 48. Nxh6 Ng6 49. Nf5 Ne5+ 50. Kg3 Kc5 51. Ne3 Kb5 52. Nc2 Ka4 53. Nd4 Kxa3 54. Nf3 Nxg4 55. Kxg4 Kb4 56. Kxg5 Kc5 1/2-1/2

[Event "Wch U14 Girls"]
[Site "Al Ain"]
[Date "2013.12.23"]
[Round "7"]
[White "Balasuriya, Sajini Hasara"]
[Black "Jacobsen, Elise Sjottem"]
[Result "0-1"]
[WhiteElo "1485"]
[BlackElo "1634"]
[PlyCount "76"]
[EventDate "2013.12.18"]
[EventType "swiss"]
[EventRounds "11"]
[EventCountry "UAE"]
[SourceTitle "CBM 158 Extra"]
[Source "ChessBase"]
[SourceDate "2014.02.28"]
[SourceVersion "1"]
[SourceVersionDate "2014.02.28"]
[SourceQuality "1"]

1. d4 Nf6 2. c4 c5 3. d5 b5 4. cxb5 a6 5. bxa6 Bxa6 6. Nc3 g6 7. g3 d6 8. Bg2 Bg7 9. Nf3 0-0 10. 0-0 Nbd7 11. Re1 Qb6 12. h3 Ra7 13. e4 Rfa8 14. e5 Ne8 15. e6 fxe6 16. dxe6 Ndf6 17. Ng5 Bb7 18. Nd5 Nxd5 19. Bxd5 Nc7 20. Bxb7 Qxb7 21. a3 Nb5 22. Qg4 Nd4 23. Rb1 Rxa3 24. Be3 R3a4 25. Bxd4 Bxd4 26. Re4 h6 27. Rbe1 Qxb2 28. Qf3 hxg5 29. Qf7+ Kh8 30. R1e2 Ra1+ 31. Kg2 Qb1 32. Re1 Qb7 33. Qxg6 Rxe1 34. Qh6+ Kg8 35. Qg6+ Bg7 36. Qf7+ Kh7 37. Qh5+ Bh6 38. Qf7+ Kh8 0-1

[Event "Wch U14 Girls"]
[Site "Al Ain"]
[Date "2013.12.21"]
[Round "5"]
[White "Priyanka, K."]
[Black "Jacobsen, Elise Sjottem"]
[Result "1-0"]
[WhiteElo "1811"]
[BlackElo "1634"]
[PlyCount "65"]
[EventDate "2013.12.18"]
[EventType "swiss"]
[EventRounds "11"]
[EventCountry "UAE"]
[SourceTitle "CBM 158 Extra"]
[Source "ChessBase"]
[SourceDate "2014.02.28"]
[SourceVersion "1"]
[SourceVersionDate "2014.02.28"]
[SourceQuality "1"]

1. e4 c5 2. Nf3 d6 3. d4 cxd4 4. Nxd4 Nf6 5. Nc3 g6 6. Be3 Bg7 7. f3 0-0 8. Qd2 Nc6 9. 0-0-0 Nxd4 10. Bxd4 Be6 11. Kb1 Rc8 12. g4 Re8 13. h4 Qa5 14. a3 a6 15. h5 Rc6 16. Qh2 Rec8 17. hxg6 hxg6 18. Qd2 b5 19. Nd5 Qxd2 20. Rxd2 Bxd5 21. exd5 R6c7 22. Rdh2 Kf8 23. Bd3 Ke8 24. g5 Nh5 25. Be3 Be5 26. Rh4 Bg3 27. Rg4 Be5 28. f4 f5 29. gxf6 Nxf6 30. Rxg6 Nxd5 31. fxe5 Nxe3 32. e6 Kf8 33. Rh8# 1-0

[Event "NOR-ch U14"]
[Site "Hamar"]
[Date "2013.11.17"]
[Round "6"]
[White "Jacobsen, Elise Sjottem"]
[Black "Jarve, Edvin"]
[Result "1-0"]
[WhiteElo "1601"]
[BlackElo "1347"]
[PlyCount "45"]
[EventDate "2013.11.15"]
[EventType "swiss"]
[EventRounds "7"]
[EventCountry "NOR"]
[SourceTitle "EXT 2024"]
[Source "ChessBase"]
[SourceDate "2023.10.10"]
[SourceVersion "1"]
[SourceVersionDate "2023.10.10"]
[SourceQuality "1"]

1. e4 c5 2. Nf3 Nc6 3. d4 cxd4 4. Nxd4 Nf6 5. Nc3 g6 6. Be3 d6 7. f3 Bg7 8. Qd2 Bd7 9. 0-0-0 0-0 10. Bh6 Nxd4 11. Bxg7 Kxg7 12. Qxd4 Kg8 13. g4 Qc7 14. h4 Ne8 15. h5 e5 16. Qd2 Nf6 17. Qxd6 Qxd6 18. Rxd6 Be6 19. hxg6 hxg6 20. Be2 Rad8 21. Rhd1 Rd7 22. Rxd7 Bxd7 23. g5 1-0

[Event "EU-ch U14 Girls 23rd"]
[Site "Budva"]
[Date "2013.10.07"]
[Round "8"]
[White "Stanciu, Andreea Briana"]
[Black "Jacobsen, Elise Sjottem"]
[Result "1-0"]
[WhiteElo "1779"]
[BlackElo "1593"]
[PlyCount "45"]
[EventDate "2013.09.29"]
[EventType "swiss"]
[EventRounds "9"]
[EventCountry "MNE"]
[SourceTitle "EXT 2014"]
[Source "ChessBase"]
[SourceDate "2013.11.20"]
[SourceVersion "1"]
[SourceVersionDate "2013.11.20"]
[SourceQuality "1"]

1. e4 c5 2. Nf3 d6 3. d4 cxd4 4. Nxd4 Nf6 5. Nc3 g6 6. Be3 Bg7 7. Be2 0-0 8. 0-0 Nc6 9. h3 Bd7 10. Qd2 Rc8 11. Rad1 Ne5 12. f4 Nc4 13. Bxc4 Rxc4 14. f5 Qc7 15. Qf2 e5 16. Nde2 Nxe4 17. Nxe4 Rxe4 18. Nc3 Rb4 19. Nd5 Qa5 20. f6 Rb5 21. fxg7 Kxg7 22. Qf6+ Kg8 23. Ne7# 1-0

[Event "NOR-ch U12"]
[Site "Lillehammer"]
[Date "2013.06.29"]
[Round "5"]
[White "Risting, Eivind Olav"]
[Black "Jacobsen, Elise Sjottem"]
[Result "1-0"]
[WhiteElo "1570"]
[BlackElo "1419"]
[PlyCount "113"]
[EventDate "2013.06.29"]
[EventType "swiss"]
[EventRounds "9"]
[EventCountry "NOR"]
[SourceTitle "EXT 2017"]
[Source "ChessBase"]
[SourceDate "2016.10.25"]
[SourceVersion "1"]
[SourceVersionDate "2016.10.25"]
[SourceQuality "1"]

1. e4 c5 2. Nf3 d6 3. d4 cxd4 4. Nxd4 Nf6 5. Nc3 g6 6. Be3 Bg7 7. f3 0-0 8. Qd2 d5 9. 0-0-0 dxe4 10. Nxe4 Nxe4 11. fxe4 Nd7 12. Nb3 Qc7 13. Be2 Qe5 14. Qd4 Qe6 15. Qd5 Qf6 16. Nd4 e5 17. Nf3 Nb6 18. Qb5 Qc6 19. Qxc6 bxc6 20. Rd6 Bb7 21. Rhd1 c5 22. Bxc5 Bxe4 23. Bxb6 axb6 24. Kb1 Rfc8 25. Bd3 Bxd3 26. cxd3 Ra6 27. Nd2 Rca8 28. a3 b5 29. Rd5 Rb6 30. Re1 f6 31. Re4 Rab8 32. Rb4 Bf8 33. Rb3 Bh6 34. Ne4 Bg7 35. Rd6 Rxd6 36. Nxd6 b4 37. Rxb4 Rd8 38. Rb6 Bf8 39. Ne4 f5 40. Nc3 Rxd3 41. Kc2 e4 42. a4 Rd8 43. b4 Ra8 44. b5 f4 45. Rf6 g5 46. b6 Bc5 47. Rc6 Bd4 48. b7 Rf8 49. Nxe4 g4 50. Nf6+ Bxf6 51. Rxf6 Rb8 52. Rb6 f3 53. gxf3 gxf3 54. Kd2 f2 55. Ke2 Rf8 56. Kf1 Rb8 57. a5 1-0